Vista normal
Vista MARC
Entrada Nombre personal
Número de registros utilizados en: 1
001 - NÚMERO DE CONTROL
- campo de control: 88790
003 - IDENTIFICADOR DEL NÚMERO DE CONTROL
- campo de control: DO-SdBNP
005 - FECHA Y HORA DE LA ÚLTIMA TRANSACCIÓN
- campo de control: 20251113134116.0
008 - DATOS DE LONGITUD FIJA
- campo de control de longitud fija: 251113|| aca||aabn | a|a d
040 ## - FUENTE DE LA CATALOGACIÓN
- Centro catalogador/agencia de origen: DO-SdBNP
- Centro/agencia transcriptor: DO-SdBNP
100 ## - ENCABEZAMIENTO-NOMBRE DE PERSONA
- Nombre de persona: Arias Corniel, Yvonne
670 ## - FUENTE DE DATOS ENCONTRADOS
- Cita de la fuente: Work cat.: (DO-SdBNP)59995: Gómez Valenzuela, Víctor, autor aut. 74056, El capital natural de la República Dominicana :
